Điện động cơ & điều khiển động cơ
Sách khái quát về hệ thống điện và điện tử trên ô tô, ắc quy khởi động, máy khởi động, hệ thống cung cấp điện trên ô tô, hệ thống đánh lữa, hệ thống điều khiển động cơ, hệ thống điều khiển quạt làm mát động cơ. Link nguồn :...
সংরক্ষণ করুন:
| প্রধান লেখক: | |
|---|---|
| বিন্যাস: | গ্রন্থ |
| ভাষা: | Vietnamese |
| প্রকাশিত: |
Tp. Hồ Chí Minh
Đại học Quốc gia Tp. Hồ Chí Minh
2013
|
| বিষয়গুলি: | |
| ট্যাগগুলো: |
ট্যাগ যুক্ত করুন
কোনো ট্যাগ নেই, প্রথমজন হিসাবে ট্যাগ করুন!
|
| Thư viện lưu trữ: | Thư viện Trường Đại học Nam Cần Thơ |
|---|
| LEADER | 01750nam a22002297a 4500 | ||
|---|---|---|---|
| 001 | NCT_68998 | ||
| 008 | 190911b xxu||||| |||| 00| 0 vie d | ||
| 999 | |c 3341 |d 3341 | ||
| 020 | |c 140000 | ||
| 082 | 0 | 4 | |2 23rd ed. |a 621 |b D513 |
| 100 | 1 | |a Đỗ Văn Dũng | |
| 245 | 1 | 0 | |a Điện động cơ & điều khiển động cơ |c Đỗ Văn Dũng |
| 260 | |a Tp. Hồ Chí Minh |b Đại học Quốc gia Tp. Hồ Chí Minh |c 2013 | ||
| 300 | |a 407 tr. |b minh họa |c 27cm | ||
| 520 | 3 | |a Sách khái quát về hệ thống điện và điện tử trên ô tô, ắc quy khởi động, máy khởi động, hệ thống cung cấp điện trên ô tô, hệ thống đánh lữa, hệ thống điều khiển động cơ, hệ thống điều khiển quạt làm mát động cơ. Link nguồn : https://www.ebookbkmt.com/2018/12/sach-ien-ong-co-va-ieu-khien-ong-co.html | |
| 653 | |a Cơ khí động lực | ||
| 942 | |2 ddc |c BK | ||
| 952 | |0 0 |1 0 |2 ddc |4 0 |6 621_000000000000000_D513 |7 0 |9 17815 |a 000001 |b 000001 |d 2019-09-11 |l 6 |o 621 D513 |p MD.10199 |r 2020-09-08 |s 2020-09-03 |v 140000.00 |w 2019-09-11 |y BK | ||
| 952 | |0 0 |1 0 |2 ddc |4 0 |6 621_000000000000000_D513 |7 0 |9 17816 |a 000001 |b 000001 |d 2019-09-11 |l 2 |o 621 D513 |p MD.10200 |r 2020-08-27 |s 2020-08-27 |v 140000.00 |w 2019-09-11 |y BK | ||
| 952 | |0 0 |1 0 |2 ddc |4 0 |6 621_000000000000000_D513 |7 0 |9 18334 |a 000001 |b 000001 |d 2019-11-04 |l 5 |o 621 D513 |p MD.10196 |r 2021-01-28 |s 2020-12-23 |v 140000.00 |w 2019-11-04 |y BK | ||
| 952 | |0 0 |1 0 |2 ddc |4 0 |6 621_000000000000000_D513 |7 0 |9 18335 |a 000001 |b 000001 |d 2019-11-04 |l 5 |m 1 |o 621 D513 |p MD.10198 |r 2020-09-23 |s 2020-09-18 |v 140000.00 |w 2019-11-04 |y BK | ||
| 980 | |a Thư viện Trường Đại học Nam Cần Thơ | ||